Statistics for Central Asia A-Z

Click here to take the quiz!

General Stats

  • This quiz has been taken 65 times
    (36 since last reset)
  • The average score is 18 of 26

Answer Stats

HintAnswer% Correct
IMost common religionIslam
96%
CMajor sea west of Central AsiaCaspian Sea
92%
RCountry that invaded Central Asia in the 19th centuryRussia
92%
UMountain range that touches far northwestern KazakhstanUrals
88%
TLanguage spoken in AshgabatTurkmen
88%
PTajiki is a variety of this world languagePersian
88%
DThe name of this national capital means "Monday"Dushanbe
85%
KB is the capital of this countryKyrgyzstan
85%
AInland sea nearly destroyed by Soviet irrigation during the 1960sAral Sea
81%
BCapital near the Kazakh borderBishkek
81%
GType of eagle on the Kazakh flag{Golden} Eagle
81%
YTurkic term for a portable dwellingYurt
77%
SUzbek city that used to be one of the major cities on the Silk RoadSamarkand
73%
NThe new official name of AstanaNur-Sultan
73%
FMost popular sport in the regionFootball
69%
JThe city of Bukhara was home to many of these people historicallyJews
69%
EThe easternmost subdivision of Kazakhstan, think simpleEast Kazakhstan
65%
LWhat all the countries in the region are, geographicallyLandlocked
62%
OSecond most populous city of KOsh
58%
WWesternmost region of KazakhstanWest Kazakhstan
58%
ZReligion that once was widely practiced among peopleZoroastrianism
58%
XChinese region that borders Central Asian countriesXinjiang
54%
VModest garment for womenVeil
50%
HMountain range in southeastern TajikistanHindu Kush
42%
MCurrency of TurkmenistanManat
31%
QDirection towards which the followers of I prayQibla
19%

Score Distribution

Percentile by Number Answered

Percent of People with Each Score

Your Score History

You have not taken this quiz since the last reset